Giải pháp bảo vệ môi trường tỉnh Bình Dương giai đoạn 2016-2020

Enregistré dans:
Détails bibliographiques
Auteur principal: Nguyễn, Tú Anh
Format: Livre
Langue:Undetermined
Sujets:
Accès en ligne:http://lrc.tdmu.edu.vn/opac/search/detail.asp?aID=2&ID=35006
Tags: Ajouter un tag
Pas de tags, Soyez le premier à ajouter un tag!
Thư viện lưu trữ: Trung tâm Học liệu Trường Đại học Thủ Dầu Một
LEADER 00624nam a2200145Ia 4500
001 TDMU_35006
008 210410s9999 xx 000 0 und d
082 |a 332.7 
100 |a Nguyễn, Tú Anh 
245 0 |a Giải pháp bảo vệ môi trường tỉnh Bình Dương giai đoạn 2016-2020 
245 0 |c Nguyễn Tú Anh 
300 |a Tr.39-40 
650 |a Bình Dương; Bảo vệ môi trường; Giải pháp; Giai đoạn 2016-2020; Môi trường 
856 |u http://lrc.tdmu.edu.vn/opac/search/detail.asp?aID=2&ID=35006 
980 |a Trung tâm Học liệu Trường Đại học Thủ Dầu Một